The revelation of Jesus Christ. (Record no. 6215)

000 -LEADER
fixed length control field 00572nam a2200181 a 4500
001 - CONTROL NUMBER
control field :::00003958$&:&@@
003 - CONTROL NUMBER IDENTIFIER
control field OkBaRHE
005 - DATE AND TIME OF LATEST TRANSACTION
control field 20000607103315.0
008 - FIXED-LENGTH DATA ELEMENTS--GENERAL INFORMATION
fixed length control field s1975 j 000 0 eng u
040 ## - CATALOGING SOURCE
Transcribing agency
100 1# - MAIN ENTRY--PERSONAL NAME
Personal name Robbins, Ray F., 1915-
245 14 - TITLE STATEMENT
Title The revelation of Jesus Christ.
260 ## - PUBLICATION, DISTRIBUTION, ETC. (IMPRINT)
Place of publication, distribution, etc Nashville, TN., :
Name of publisher, distributor, etc Broadman Press
Date of publication, distribution, etc c1975
300 ## - PHYSICAL DESCRIPTION
Extent 260 p. ;
Dimensions 20 cm.
650 ## - SUBJECT ADDED ENTRY--TOPICAL TERM
Topical term or geographic name as entry element Bible New Testament Revelation
General subdivision Commentaries
942 ## - ADDED ENTRY ELEMENTS (KOHA)
Source of classification or shelving scheme
Koha item type Books
Copies
Full call number Damaged status Barcode Shelving location Withdrawn status Koha item type Copy number Source of classification or shelving scheme Permanent Location Lost status Date last seen Price effective from Not for loan Date acquired
BS 2825.3 .R59 3958General Stacks Books1 RHEMA Bible Training College 2018-04-032010-04-14 2010-04-14